Music Trivia: name the song based on who recorded it - Statistics

General Stats
  • This quiz has been taken 40 times
    32 since last reset
  • The average score is 7 of 15
Answer Stats
Hint Answer % Correct
Weezer, Toto Africa or Rosanna
84%
Jeff Buckley, Leonard Cohen, Rufus Wainwright, John Cale Hallelujah
74%
Johnny Cash, Nine Inch Nails Hurt
74%
Aretha Franklin, Otis Redding Respect
61%
Creedence Clearwater Revival, Ike & Tina Turner, Solomon Burke Proud Mary
58%
Labelle, Christina Aguilera, Mya, Pink & Lil' Kim Lady Marmalade
55%
The Guess Who, Lenny Kravitz American Woman
48%
The Beach Boys, David Lee Roth California Girls
42%
Willie Nelson, LeAnn Rimes, Patsy Cline Crazy
42%
The La's, The Boo Radleys, Sixpence None the Richer There She Goes
32%
Harold Melvin & the Blue Notes, Simply Red, Seal If You Don't Know Me by Now
29%
Cat Stevens, Sheryl Crow, P.P. Arnold, Papa Dee, Keith Hampshire, Rod Stewart The First Cut is the Deepest
29%
Wayne Cochran, J. Frank Wilson and the Cavaliers, Pearl Jam Last Kiss
26%
Bob Dylan, Adele, Billy Joel, Garth Brooks, Trisha Yearwood, (To) Make You Feel My Love
19%
John Michael Montgomery, All-4-One I Swear
13%
No matching quizzes found
Score Distribution
Percent of People with Each Score
Percentile by Number Answered
Your Score History
You have not taken this quiz since the last reset